000 00256nam a2200109 4500
082 _a628.03BEL
100 _aBellamy, Patrick
245 _aDictionary Of Environment
260 _aNew Delhi:
_bAcademic Publishers,
_c2007.
300 _a483p. ;
942 _cBK
999 _c11255
_d11255